000 00761nam a2200253 a 4500
001 9004
003 BD-RjUL
005 20211208234710.0
008 160922s1964 nyua 00110 eng d
035 _a(BD-RjUL)9049
040 _aANL
_cANL
_beng
_dBD-RjUL
041 _aeng
082 _223
_a621.366
_bHEO 1964
100 1 _aHeavens, O. S.
_9157243
245 1 0 _aOptical masers /
_cO.S. Heavens.
260 _aLondon ;
_aNew York :
_bMethuen ; John Wiley & Sons,
_cc1964.
300 _aviii, 103 p. :
_bill. ;
_c21 cm..
490 _aMethuen's monographs on physical subjects.
500 _aIncludes index.
650 _aLasers.
_9157244
650 _aMasers.
_9157245
830 _aMethuen's monographs on physical subjects.
_9151300
942 _2ddc
_cBK
999 _c9004
_d9004